| 000 | 00647nam a22001937a 4500 | ||
|---|---|---|---|
| 999 |
_c17649 _d17649 |
||
| 003 | AR-CdUCM | ||
| 008 | 190509b ||||| |||| 00| 0 spa d | ||
| 040 |
_aMUNICIPALIDAD PROVINCIAL DEL CUSCO _cBIBLIOTECA MUNICIPAL DEL CUSCO |
||
| 082 |
_a191 / _bV28 |
||
| 100 |
_aVan Wesep, H. B. _937788 |
||
| 245 | _aSiete sabios y una filosofia itinerario del pragmatismo / | ||
| 260 |
_aBuenos Aires : _bHobes - Sudamericana, _c1965. |
||
| 300 |
_a405 paginas ; _bIlustraciones, graficos, dibujos, _c20 cm. |
||
| 500 | _aLiteratura e historia | ||
| 650 |
_aLiteratura _983 |
||
| 650 |
_aHistoria _9136 |
||
| 942 |
_2ddc _cLIBROS |
||
| 945 |
_apjha _d2019-05-09 |
||